Problematika korupcie a jej kultúrne aspekty na pozadí novej inštitucionálnej ekonomickej teórie ako jeden z faktorov vzniku krízových stavov

Identifikácia závislosti a trendov medzi korupciou a kultúrou, ako neformálnymi inštitúciami pomocou jednoduchej regresnej a korelačnej analýzy.

Salvato in:
Dettagli Bibliografici
Autore principale: Steinhauser, Dušan, 1988-
Natura: Capitolo di libro
Lingua:slovacco
Soggetti:
Tags: Aggiungi Tag
Nessun Tag, puoi essere il primo ad aggiungerne!!

MARC

LEADER 00000naa a2200000 4500
001 0203816
005 20240502073414.4
041 0 |a slo 
044 |a SK 
245 1 0 |a Problematika korupcie a jej kultúrne aspekty na pozadí novej inštitucionálnej ekonomickej teórie ako jeden z faktorov vzniku krízových stavov  |c Dušan Steinhauser 
520 |a Identifikácia závislosti a trendov medzi korupciou a kultúrou, ako neformálnymi inštitúciami pomocou jednoduchej regresnej a korelačnej analýzy. 
610 2 0 |a korupcia 
610 2 0 |a kríza hospodárska 
610 2 0 |a analýza regresná 
610 2 0 |a ekonómia inštitucionálna 
610 2 0 |a zvyklosti kultúrne 
100 1 |a Steinhauser, Dušan, 1988-